00346nam a2200109Ia 4500008004100000041000800041100001600049245010500065260003800170300000800208700002000216250110s9999 xx 000 0 und d aeng aVerma Divya aLandscape Design Proposal For A Riverside Promenade As An Urban Open Space For The City Of Allahabad bM Arch Landscape BNCA, Punec2015 a33p aGuide Name:BNCA